| 000 | 00524nam a22001817a 4500 | ||
|---|---|---|---|
| 005 | 20251108171823.0 | ||
| 008 | 250721s1984 xx 000 0 ara d | ||
| 082 | 1 | 4 | _a411.7/خلي |
| 100 | 1 | _aالزهاوي، خليل | |
| 245 | 1 | 0 |
_aكراسة الخط العربي : _bقواعد خط التعليق / |
| 250 | _aط3 | ||
| 264 | 1 |
_aبغداد : _bمكتبة النهضة، _c1984. |
|
| 300 | _aج | ||
| 650 | 1 | 7 | _aاللغة العربية |
| 650 | 1 | 7 | _aالخط العربي |
| 942 |
_2ddc _cBK |
||
| 999 |
_c63434 _d63434 |
||